[Event "Druzynowe Mistrzostwa Polski w Szachach I LIGA 2021"]
[Site "Szklarska Poreba"]
[Date "1899-12-30"]
[Round "3.16"]
[White "Maksimenko, Andrei"]
[Black "Redzisz, Michal"]
[Result "1/2-1/2"]
[WhiteTitle "GM"]
[BlackTitle "FM"]
[WhiteElo "2460"]
[BlackElo "2219"]

1. d4 Nf6 2. c4 e6 3. Nc3 Bb4 4. f3 d5 5. a3 Bxc3+ 6. bxc3 O-O 7. cxd5 exd5 8.
e3 c5 9. Bd3 b6 10. Ne2 Ba6 11. O-O Re8 12. Ng3 Qd7 13. Re1 Bxd3 14. Qxd3 Nc6
15. Bb2 Rad8 16. Rad1 h5 17. h3 Qc7 18. Nh1 Na5 19. Nf2 cxd4 20. cxd4 Qc4 21.
e4 Qxd3 22. Rxd3 Rc8 23. e5 Nd7 24. Bc3 Nc4 25. a4 Nb8 26. g4 h4 1/2-1/2

[Event "Druzynowe Mistrzostwa Polski w Szachach I LIGA 2021"]
[Site "Szklarska Poreba"]
[Date "1899-12-30"]
[Round "3.17"]
[White "Galuszka, Tomasz"]
[Black "Jakubiec, Artur"]
[Result "0-1"]
[WhiteTitle "k+"]
[BlackTitle "GM"]
[WhiteElo "2212"]
[BlackElo "2438"]

1. Nf3 c5 2. e4 Nc6 3. d3 g6 4. g3 Bg7 5. Bg2 e5 6. O-O Nge7 7. Nc3 d6 8. Nd2 h5
9. Nc4 Nd4 10. Nd5 Nxd5 11. exd5 h4 12. c3 Nf5 13. a4 hxg3 14. hxg3 Kf8 15. Re1
b6 16. Ne3 Nh6 17. b4 f5 18. bxc5 bxc5 19. Rb1 Nf7 20. Nc4 g5 21. d4 cxd4 22.
cxd4 e4 23. Ba3 Ba6 24. Ne3 Qf6 25. f3 f4 26. Nf5 Qxf5 27. fxe4 Qh7 28. gxf4 Qh2+
29. Kf2 Qxf4+ 30. Kg1 Kg8 0-1

[Event "Druzynowe Mistrzostwa Polski w Szachach I LIGA 2021"]
[Site "Szklarska Poreba"]
[Date "1899-12-30"]
[Round "3.18"]
[White "Kubicka, Anna"]
[Black "Adamczyk, Zuzanna"]
[Result "1-0"]
[WhiteTitle "WIM"]
[BlackTitle "WCM"]
[WhiteElo "2274"]
[BlackElo "2055"]

1. e4 c6 2. d4 d5 3. Nc3 dxe4 4. Nxe4 Nf6 5. Nxf6+ exf6 6. c3 Bd6 7. Bd3 O-O 8.
Qc2 Re8+ 9. Ne2 h5 10. O-O h4 11. h3 Na6 12. Be3 Nc7 13. c4 Ne6 14. Qd2 Bb8 15.
Rfe1 g6 16. Kf1 Qd6 17. Ng1 f5 18. Bg5 Qxd4 19. Nf3 Qh8 20. Bxh4 c5 21. Bc2 Qxb2
22. Ba4 Qxd2 23. Nxd2 Rf8 24. Be7 Bc7 25. Rad1 Rb8 26. Bxf8 Kxf8 27. Nf3 Ba5 28.
Re2 b6 29. Bd7 Nd4 30. Re8+ Kg7 31. Rxc8 1-0

[Event "Druzynowe Mistrzostwa Polski w Szachach I LIGA 2021"]
[Site "Szklarska Poreba"]
[Date "1899-12-30"]
[Round "3.19"]
[White "Kowalski, Igor"]
[Black "Fus, Jakub"]
[Result "1/2-1/2"]
[WhiteTitle "FM"]
[BlackTitle "FM"]
[WhiteElo "2378"]
[BlackElo "2376"]

1. e4 c5 2. Nf3 Nf6 3. e5 Nd5 4. Nc3 e6 5. Nxd5 exd5 6. d4 Nc6 7. dxc5 Bxc5 8.
Qxd5 d6 9. exd6 Qb6 10. Bc4 Be6 11. d7+ Kf8 12. Qe4 Bxf2+ 13. Ke2 Bxd7 14. Qf4
Re8+ 15. Kd1 Be6 16. Bxe6 Rxe6 17. c3 Qd8+ 18. Kc2 Re2+ 19. Bd2 Be3 20. Qe4 Rxd2+
21. Nxd2 Qxd2+ 22. Kb3 Bb6 23. Rad1 Qg5 24. Rhf1 Qe7 25. Qxe7+ Kxe7 26. Rfe1+
Kf6 27. Rd6+ Kg5 28. Rd7 Kg6 29. Kc2 Rb8 30. Re4 h5 31. g4 h4 32. g5 h3 33. b4
Kf5 34. Re2 Ne5 35. Re7 Ng4 36. Rxf7+ Kg6 37. Rd7 Rf8 38. Rd3 Nf2 39. Rd7 Rf3
40. a4 Ng4 41. Rxb7 Bg1 1/2-1/2

[Event "Druzynowe Mistrzostwa Polski w Szachach I LIGA 2021"]
[Site "Szklarska Poreba"]
[Date "1899-12-30"]
[Round "3.20"]
[White "Baum, Jonasz"]
[Black "Sanz, Wawer Daniel"]
[Result "1/2-1/2"]
[WhiteTitle "IM"]
[BlackTitle "FM"]
[WhiteElo "2254"]
[BlackElo "2359"]

1. e4 c6 2. d4 d5 3. e5 Bf5 4. h4 h6 5. g4 Bh7 6. e6 fxe6 7. Bd3 Nf6 8. g5 Bxd3
9. Qxd3 hxg5 10. Nf3 Ne4 11. Nbd2 Nd7 12. Nxe4 dxe4 13. Qxe4 Qa5+ 14. Bd2 Qd5
15. Nxg5 Qxe4+ 16. Nxe4 e5 17. dxe5 Nxe5 18. O-O-O Nf3 19. Bc3 Rxh4 20. Rxh4 Nxh4
21. Nc5 b6 22. Ne6 Rc8 23. Rh1 g5 24. f4 Kd7 25. fxg5 Kxe6 1/2-1/2

[Event "Druzynowe Mistrzostwa Polski w Szachach I LIGA 2021"]
[Site "Szklarska Poreba"]
[Date "1899-12-30"]
[Round "3.21"]
[White "Nowak, Lukasz"]
[Black "Jarzebowski, Kacper"]
[Result "1/2-1/2"]
[WhiteTitle "FM"]
[BlackTitle "k+"]
[WhiteElo "2337"]
[BlackElo "2090"]

1. d4 Nf6 2. c4 d6 3. Nc3 e5 4. Nf3 exd4 5. Nxd4 g6 6. g3 Nc6 7. Nxc6 bxc6 8. Bg2
Bd7 9. O-O Bg7 10. Qa4 c5 11. Qa3 Rb8 12. Qa4 a6 13. Qxa6 O-O 14. Qa5 Re8 15.
Re1 Ng4 16. Nd5 Ne5 17. Qxc7 Nxc4 18. Qxd8 Rexd8 19. Bg5 Re8 20. b3 Na3 21. Rac1
c4 22. bxc4 Rb2 23. e3 Be6 24. Nf6+ Bxf6 25. Bxf6 Rxa2 26. Bd5 Rc8 27. Ra1 Rxa1
28. Rxa1 Nxc4 29. Bxe6 fxe6 30. Ra7 Nd2 31. Rg7+ Kf8 32. Rxh7 Rc2 33. g4 g5 34.
Be7+ Kg8 35. Rh3 Ne4 36. f3 Kf7 37. Bd8 Rc1+ 38. Kg2 Rc2+ 39. Kf1 Rc8 40. Rh7+
Kg8 41. Rd7 Nc5 42. Rxd6 Nb7 43. Rxe6 Nxd8 44. Rg6+ Kf7 45. Rxg5 Rc2 46. h4 Ne6
47. Rf5+ Kg7 48. h5 Rh2 49. Kg1 Re2 50. Re5 Nd8 51. f4 Nf7 52. Re6 Nh6 53. Kf1
Rh2 54. g5 Ng4 55. h6+ Kf7 56. Re4 Kg6 57. Ke1 Kf5 58. Re7 Nxe3 59. Rxe3 Kxf4
60. Re2 Rh1+ 61. Kd2 1/2-1/2

[Event "Druzynowe Mistrzostwa Polski w Szachach I LIGA 2021"]
[Site "Szklarska Poreba"]
[Date "1899-12-30"]
[Round "3.22"]
[White "Janeczko, Jakub"]
[Black "Chylewski, Patryk"]
[Result "0-1"]
[WhiteTitle "I++"]
[BlackTitle "FM"]
[WhiteElo "2007"]
[BlackElo "2301"]

1. Nf3 f5 2. b3 d6 3. d4 Nf6 4. e3 g6 5. Bb2 Bg7 6. g3 O-O 7. Bg2 a5 8. O-O Nc6
9. c4 Ne4 10. Nc3 Nxc3 11. Bxc3 Qe8 12. Qd2 a4 13. d5 Ne5 14. Nxe5 dxe5 15. f4
e4 16. Bxg7 Kxg7 17. Qd4+ Kg8 18. g4 Qf7 19. Rf2 Qg7 20. Qxg7+ Kxg7 21. b4 a3
22. gxf5 gxf5 23. Rd2 Rd8 24. Rd4 e6 25. Bf1 Kf6 26. dxe6 Bxe6 27. Kf2 Rdb8 28.
Rd2 Ke7 29. Be2 Rg8 30. Rc1 Rgd8 31. Rdc2 Rd6 32. c5 Rdd8 33. Rg1 Kf6 34. Rb1
Rg8 35. Rc3 Ke7 36. Rc2 Rg6 37. Bf1 Rh6 38. h3 Rg6 39. b5 Rgg8 40. b6 c6 41. Bc4
Rad8 42. Be2 Rd7 43. Rg1 Rxg1 44. Kxg1 Rd8 45. Kf2 Ra8 46. Ke1 Ra5 47. Kd2 Bb3
48. axb3 a2 49. b4 Ra3 50. Rxa2 Rxa2+ 51. Kd1 Rb2 52. b5 Kd7 53. Bc4 Rxb5 0-1

[Event "Druzynowe Mistrzostwa Polski w Szachach I LIGA 2021"]
[Site "Szklarska Poreba"]
[Date "1899-12-30"]
[Round "3.23"]
[White "Kokoszczynski, Jan"]
[Black "Mulawa, Cyprian"]
[Result "1-0"]
[WhiteTitle "FM"]
[BlackTitle "I"]
[WhiteElo "2279"]
[BlackElo "1981"]

1. d4 Nf6 2. c4 g6 3. Nf3 Bg7 4. g3 O-O 5. Bg2 d6 6. O-O c6 7. Nc3 Bf5 8. Re1 Ne4
9. Nh4 Nxc3 10. bxc3 Be6 11. Qd3 Qa5 12. e4 Nd7 13. Nf3 b5 14. cxb5 cxb5 15. Bg5
Bc4 16. Qd2 Rfe8 17. h4 Rac8 18. Bh3 e6 19. Rac1 Nb6 20. Rc2 f5 21. Bf4 Rcd8 22.
Bg5 Rc8 23. Bf4 Rcd8 24. exf5 exf5 25. Rxe8+ Rxe8 26. Bxd6 Re2 27. Qg5 Re8 28.
Ne5 Bf7 29. h5 h6 30. hxg6 Be6 31. Qh5 Nc4 32. Nxc4 bxc4 33. Re2 Qd8 34. Be5 Qd7
35. Bxg7 Kxg7 36. Bxf5 Qd5 37. Re5 1-0

[Event "Druzynowe Mistrzostwa Polski w Szachach I LIGA 2021"]
[Site "Szklarska Poreba"]
[Date "1899-12-30"]
[Round "3.24"]
[White "Rejniak, Zuzanna"]
[Black "Moscicka, Pola"]
[Result "1/2-1/2"]
[WhiteTitle "k"]
[BlackTitle "k++"]
[WhiteElo "1810"]
[BlackElo "1916"]

1. e4 c6 2. d4 d5 3. Nc3 dxe4 4. Nxe4 Bf5 5. Ng3 Bg6 6. Nh3 Nf6 7. Nf4 e5 8. Nxg6
hxg6 9. dxe5 Qa5+ 10. Bd2 Qxe5+ 11. Qe2 Nbd7 12. Qxe5+ Nxe5 13. Be2 Bc5 14. O-O
O-O 15. Bg5 Bb6 16. Bxf6 gxf6 17. Ne4 Kg7 18. Nd6 Rad8 19. Rad1 Rd7 20. Nc4 Rxd1
21. Rxd1 Nxc4 1/2-1/2

[Event "Druzynowe Mistrzostwa Polski w Szachach I LIGA 2021"]
[Site "Szklarska Poreba"]
[Date "1899-12-30"]
[Round "3.25"]
[White "Marszalek, Maciej"]
[Black "Tomczak, Mikolaj"]
[Result "0-1"]
[WhiteTitle "FM"]
[BlackTitle "IM"]
[WhiteElo "2291"]
[BlackElo "2435"]

1. d4 d5 2. Nf3 c5 3. e3 Nf6 4. c4 cxd4 5. exd4 g6 6. Nc3 Bg7 7. cxd5 Nxd5 8. Bc4
Nb6 9. Bb3 O-O 10. O-O Nc6 11. Be3 Na5 12. Bc2 Be6 13. Ng5 Bd5 14. Nxd5 Nxd5 15.
Nf3 Qb6 16. Rb1 Rfd8 17. Bg5 Nc6 18. Bb3 Bxd4 19. Qe2 Bf6 20. Qe4 e6 21. Bxd5
exd5 22. Qh4 Bxg5 23. Nxg5 h5 24. Qf4 Rf8 25. Rfd1 Rad8 26. b4 Ne7 27. Rb3 Nf5
28. g4 hxg4 29. Qxg4 Kg7 30. Rf3 Qf6 31. Nh3 Rh8 32. Nf4 d4 33. Nd3 Rh5 34. Qf4
Rdh8 35. Rc1 Rh4 36. Qc7 Rxh2 37. Qxh2 Rxh2 38. Kxh2 Qd6+ 39. Kg1 Qd5 40. Rh3
Nh4 41. Rg3 Qxa2 42. Kf1 Qd5 43. Rc5 Qh1+ 44. Ke2 Qe4+ 45. Kf1 Nf3 0-1

[Event "Druzynowe Mistrzostwa Polski w Szachach I LIGA 2021"]
[Site "Szklarska Poreba"]
[Date "1899-12-30"]
[Round "3.26"]
[White "Wisniewski, Michal"]
[Black "Pulpan, Jakub"]
[Result "0-1"]
[WhiteTitle "FM"]
[BlackTitle "IM"]
[WhiteElo "2152"]
[BlackElo "2418"]

1. Nf3 d5 2. c4 d4 3. e3 Nc6 4. exd4 Nxd4 5. Nxd4 Qxd4 6. Nc3 c6 7. d3 Nh6 8. Be2
Nf5 9. g4 Nh4 10. Rg1 Qd6 11. Rg3 e5 12. Be3 f5 13. Bg5 Be7 14. Bxe7 Qxe7 15.
g5 Be6 16. d4 f4 17. Rg1 f3 18. Bf1 exd4 19. Qxd4 Bxc4+ 20. Ne4 Bd5 21. O-O-O
Nf5 22. Qa4 Bxe4 23. Re1 Nd6 24. Bd3 O-O-O 25. Bxe4 Nxe4 26. Rxe4 Qd6 27. Rge1
Qd2+ 28. Kb1 Kb8 29. Qb3 Qxf2 30. Re7 Rd7 31. Rxd7 Qxe1+ 32. Kc2 Qe4+ 33. Kd2
c5 34. Qd5 Qxd5+ 35. Rxd5 Re8 36. Rf5 Re2+ 37. Kc3 f2 38. Rf7 b5 39. a3 Kc8 40.
h4 g6 41. b3 Kd8 42. a4 a6 43. axb5 axb5 44. Kd3 Rb2 45. Kc3 Ra2 46. Kd3 Ke8 47.
Rf6 Ra3 48. Kd4 0-1

[Event "Druzynowe Mistrzostwa Polski w Szachach I LIGA 2021"]
[Site "Szklarska Poreba"]
[Date "1899-12-30"]
[Round "3.27"]
[White "Licznerski, Lukasz"]
[Black "Brozyna, Mateusz"]
[Result "1-0"]
[WhiteTitle "FM"]
[BlackTitle "FM"]
[WhiteElo "2387"]
[BlackElo "2297"]

1. e4 e5 2. Nf3 Nc6 3. Bb5 a6 4. Ba4 Nf6 5. O-O Be7 6. Re1 b5 7. Bb3 d6 8. c3 O-O
9. d4 Bg4 10. d5 Na5 11. Bc2 c6 12. h3 Bc8 13. dxc6 Qc7 14. Nbd2 Qxc6 15. Nf1
Nc4 16. Ng3 Re8 17. a4 Be6 18. Qe2 Na5 19. axb5 axb5 20. Bd3 Reb8 21. Ng5 b4 22.
Nxe6 fxe6 23. Bd2 bxc3 24. Bxc3 Qb6 25. Nh5 Nxh5 26. Qxh5 Rf8 27. Qg4 Rf6 28.
Kh1 Qd8 29. f4 Nc6 30. Bc4 Rxa1 31. Rxa1 Rg6 32. Qf3 exf4 33. Qxf4 d5 34. exd5
exd5 35. Rd1 Rd6 36. Rxd5 Kh8 37. Qg3 Qf8 38. Rxd6 Bxd6 39. Bxg7+ Qxg7 40. Qxd6
Qe7 41. Qxc6 1-0

[Event "Druzynowe Mistrzostwa Polski w Szachach I LIGA 2021"]
[Site "Szklarska Poreba"]
[Date "1899-12-30"]
[Round "3.28"]
[White "Hasterok, Mateusz"]
[Black "Pinski, Jan"]
[Result "0-1"]
[WhiteTitle "k"]
[BlackTitle "IM"]
[WhiteElo "2088"]
[BlackElo "2337"]

1. d4 Nf6 2. c4 c5 3. d5 b5 4. cxb5 a6 5. bxa6 g6 6. Nc3 Bxa6 7. e4 Bxf1 8. Kxf1
d6 9. Nf3 Bg7 10. g3 O-O 11. Kg2 Nbd7 12. a4 Ra6 13. Qc2 Qa8 14. Nb5 Rc8 15. Bd2
e6 16. dxe6 fxe6 17. Rhe1 d5 18. exd5 exd5 19. Bf4 Qc6 20. Ng5 Nf8 21. Bd6 N6d7
22. Rad1 d4+ 23. f3 c4 24. Ba3 d3 25. Qf2 Qb6 26. Qxb6 Nxb6 27. Ne6 Nxe6 28. Rxe6
Nd5 29. Re4 Rxa4 30. Nd6 Rd8 31. Nb7 Rb8 32. Nc5 Rxa3 33. bxa3 Nc3 34. Rd2 Nxe4
35. Nxe4 Rd8 36. Nc5 Rd5 37. Ne4 c3 38. Nxc3 Bxc3 39. Rd1 d2 40. Kf2 Re5 0-1

[Event "Druzynowe Mistrzostwa Polski w Szachach I LIGA 2021"]
[Site "Szklarska Poreba"]
[Date "1899-12-30"]
[Round "3.29"]
[White "Lukasiewicz, Krzysztof"]
[Black "Adamczewski, Maciej"]
[Result "0-1"]
[WhiteTitle "FM"]
[BlackTitle "k"]
[WhiteElo "2290"]
[BlackElo "2011"]

1. d4 Nf6 2. Nf3 d5 3. c4 e6 4. Nc3 a6 5. cxd5 exd5 6. Bg5 Be7 7. Qb3 c6 8. e3
Nbd7 9. Bd3 O-O 10. Qc2 Re8 11. O-O g6 12. h3 Ne4 13. Bf4 Nd6 14. Rab1 Nb6 15.
Rfe1 Bf8 16. Nd2 Bf5 17. Bxf5 Nxf5 18. b4 Bd6 19. Bxd6 Nxd6 20. Na4 Nxa4 21. Qxa4
a5 22. Qc2 Nb5 23. Qc5 axb4 24. Rb2 Ra4 25. Ra1 Qc7 26. Rc1 Qa5 27. Ra1 Ra8 28.
Qe7 Qc7 29. Qxc7 Nxc7 30. Nb3 Ne6 31. Kf1 Kf8 32. Ke2 Ke7 33. Kd3 f5 34. g4 b6
35. Rc2 Kd6 36. Rac1 Rc8 37. f3 c5 38. gxf5 c4+ 39. Ke2 gxf5 40. e4 f4 41. exd5
Kxd5 42. Kf1 Rxa2 43. Rxa2 cxb3 44. Rxc8 bxa2 45. Ra8 b3 0-1

[Event "Druzynowe Mistrzostwa Polski w Szachach I LIGA 2021"]
[Site "Szklarska Poreba"]
[Date "1899-12-30"]
[Round "3.30"]
[White "Rudzinska, Michalina"]
[Black "Michna, Marta"]
[Result "1/2-1/2"]
[WhiteTitle "WFM"]
[BlackTitle "WGM"]
[WhiteElo "2222"]
[BlackElo "2323"]

1. e4 d6 2. d4 Nf6 3. Nc3 e5 4. Nf3 Nbd7 5. Bc4 Be7 6. O-O O-O 7. h3 c6 8. a4 b6
9. Re1 Bb7 10. d5 cxd5 11. Nxd5 Rc8 12. Nxe7+ Qxe7 13. Bd3 Nc5 14. Bg5 h6 15.
Bxf6 Qxf6 16. Nh2 Qe6 17. Ra3 Rfd8 18. Ng4 d5 19. exd5 Rxd5 20. b4 Nxd3 21. Rxd3
Rxd3 22. cxd3 Qc6 23. f3 Qc3 24. Rxe5 Qd4+ 25. Kh2 h5 26. Rxh5 Qf4+ 27. g3 Rc2+
28. Qxc2 Qxf3 29. Nf6+ gxf6 30. g4 Qh1+ 31. Kg3 Qg1+ 32. Kf4 Qd4+ 33. Kg3 Qg1+
34. Kf4 Qd4+ 35. Kg3 Qf4+ 36. Kh2 1/2-1/2

[Event "Druzynowe Mistrzostwa Polski w Szachach I LIGA 2021"]
[Site "Szklarska Poreba"]
[Date "1899-12-30"]
[Round "3.31"]
[White "Sieciechowicz, Marcin"]
[Black "Ustianovich, Nazar"]
[Result "1/2-1/2"]
[WhiteTitle "IM"]
[BlackTitle "FM"]
[WhiteElo "2362"]
[BlackElo "2348"]

1. d4 d5 2. Bf4 Nf6 3. Nf3 e6 4. e3 Bd6 5. Bg3 O-O 6. Nbd2 c5 7. c3 Qc7 8. Bd3
Nbd7 9. O-O e5 10. dxe5 Nxe5 11. Nxe5 Bxe5 12. e4 Bxg3 13. hxg3 dxe4 14. Nxe4
Nxe4 15. Bxe4 Be6 16. Qf3 Rad8 17. Bxb7 Rb8 18. Bd5 Bxd5 19. Qxd5 Rxb2 20. Rab1
Qb6 21. Rxb2 Qxb2 22. Qxc5 Qxa2 23. Re1 g6 24. Re7 a6 25. Kh2 Qd2 26. Re4 Rd8
27. f3 1/2-1/2

[Event "Druzynowe Mistrzostwa Polski w Szachach I LIGA 2021"]
[Site "Szklarska Poreba"]
[Date "1899-12-30"]
[Round "3.32"]
[White "Pniaczek, Marek"]
[Black "Reza, Wojciech"]
[Result "1/2-1/2"]
[WhiteTitle "CM"]
[BlackTitle "FM"]
[WhiteElo "2314"]
[BlackElo "2259"]

1. e4 c6 2. Nc3 d5 3. Nf3 Nf6 4. e5 Ne4 5. Ne2 Qb6 6. d4 e6 7. Ng3 Nxg3 8. fxg3
h6 9. Bd3 c5 10. O-O Nc6 11. dxc5 Bxc5+ 12. Kh1 Qc7 13. c3 Bd7 14. b4 Be7 15.
Qe2 a6 16. Be3 Rc8 17. Qf2 O-O 18. Bb6 Qb8 19. Rae1 f6 20. exf6 Bxf6 21. Bb1 e5
22. Qd2 Ne7 23. Bc5 Rxc5 24. bxc5 e4 25. Nd4 Qc7 26. Nb3 a5 27. c4 dxc4 28. Qxa5
Rc8 29. Qxc7 Rxc7 30. Nd2 Bc3 31. Rxe4 Bxd2 32. Rxe7 Bg5 33. Re5 Bf6 34. Rd5 Bc6
35. Rd6 Re7 36. Bg6 Re5 37. Rfd1 Kf8 38. h3 c3 39. Rc1 Re2 40. Rc2 Re5 41. Rxf6+
gxf6 42. Rxc3 f5 43. Rc2 Kg7 44. Bh5 f4 45. g4 Re3 46. Kg1 Rg3 47. Kf1 f3 48.
gxf3 Rxf3+ 49. Rf2 Rxh3 50. Rf7+ Kh8 51. Rf8+ Kg7 52. Rf7+ Kh8 53. Rf8+ 1/2-1/2

[Event "Druzynowe Mistrzostwa Polski w Szachach I LIGA 2021"]
[Site "Szklarska Poreba"]
[Date "1899-12-30"]
[Round "3.33"]
[White "Plichta, Kamil"]
[Black "Smolka, Marcin"]
[Result "1/2-1/2"]
[WhiteTitle "FM"]
[BlackTitle "k"]
[WhiteElo "2396"]
[BlackElo "2210"]

1. e4 e5 2. Bc4 Nf6 3. d3 Bc5 4. Nc3 c6 5. Nf3 d6 6. Bb3 Bb6 7. Ne2 Nbd7 8. c3
h6 9. Ng3 Nf8 10. d4 Qe7 11. O-O g5 12. Re1 Bc7 13. dxe5 dxe5 14. Nd4 exd4 15.
Nf5 Qe5 16. f4 gxf4 17. cxd4 Qa5 18. d5 Ng6 19. Bd2 Qb6+ 20. Kh1 Be5 21. Bc3 h5
22. Nd6+ Bxd6 23. Bxf6 Bg4 24. Qc2 f3 25. e5 fxg2+ 26. Qxg2 Be7 27. d6 Bxf6 28.
exf6+ Kf8 29. Qe4 Qf2 30. Rf1 Qc5 31. Qg2 Qxd6 32. h3 Qc5 33. Rae1 Rd8 34. Re7
Nxe7 35. fxe7+ Qxe7 36. Rxf7+ Qxf7 37. Bxf7 Kxf7 38. Qf2+ Kg6 39. hxg4 hxg4+ 40.
Kg2 Rhg8 41. Kg3 Rd3+ 42. Kxg4 Kh7+ 43. Kh4 Rd6 44. Qf7+ Rg7 45. Qf5+ Rdg6 46.
Kh5 c5 47. Qe4 c4 48. a4 b6 49. Qf5 a6 50. Qe4 b5 51. axb5 axb5 52. Qf5 b4 53.
Qe4 b3 54. Qf5 Kh8 55. Qc8+ Kh7 56. Qf5 Kh8 57. Qc8+ Kh7 1/2-1/2

[Event "Druzynowe Mistrzostwa Polski w Szachach I LIGA 2021"]
[Site "Szklarska Poreba"]
[Date "1899-12-30"]
[Round "3.34"]
[White "Musial, Tomasz"]
[Black "Budrewicz, Krzysztof"]
[Result "0-1"]
[WhiteTitle "k"]
[BlackTitle "m"]
[WhiteElo "2096"]
[BlackElo "2188"]

1. d4 g6 2. e4 Bg7 3. Nf3 d6 4. Bd3 Nc6 5. c3 e5 6. dxe5 dxe5 7. O-O Nf6 8. Qe2
O-O 9. Rd1 Nh5 10. Bb5 Qe8 11. Be3 a6 12. Ba4 Kh8 13. Ne1 f5 14. exf5 gxf5 15.
Bxc6 bxc6 16. Nd3 f4 17. Bc5 f3 18. Qe3 Rg8 19. g3 e4 20. Nf4 Nxf4 21. Qxf4 Qh5
22. Bd4 Bf5 23. h4 Rae8 24. Nd2 Bxd4 25. cxd4 Rg4 26. Qxc7 Qxh4 27. Re1 Qh5 28.
Qd6 Rg6 29. Qf4 Rh6 30. Qh4 Qxh4 31. gxh4 Rg8+ 32. Kf1 Bh3# 0-1

[Event "Druzynowe Mistrzostwa Polski w Szachach I LIGA 2021"]
[Site "Szklarska Poreba"]
[Date "1899-12-30"]
[Round "3.35"]
[White "Renkowski, Piotr"]
[Black "Bielczyk, Jacek"]
[Result "1-0"]
[WhiteTitle "k+"]
[BlackTitle "IM"]
[WhiteElo "2178"]
[BlackElo "2264"]

1. d4 Nf6 2. c4 c5 3. d5 b5 4. cxb5 a6 5. b6 Qxb6 6. Nc3 d6 7. e4 g6 8. f4 Bg7
9. Nf3 O-O 10. Bc4 a5 11. Bd2 Ba6 12. b3 Nbd7 13. O-O Bxc4 14. bxc4 Qa6 15. Qe2
e6 16. dxe6 fxe6 17. Nb5 Qc6 18. Rae1 a4 19. Ng5 Rae8 20. e5 dxe5 21. fxe5 Nh5
22. g4 h6 23. Ne4 Nxe5 24. gxh5 gxh5 25. Bc3 Ng6 26. Qg2 1-0

[Event "Druzynowe Mistrzostwa Polski w Szachach I LIGA 2021"]
[Site "Szklarska Poreba"]
[Date "1899-12-30"]
[Round "3.36"]
[White "Murawko, Katarzyna"]
[Black "Dwilewicz, Katarzyna"]
[Result "0-1"]
[WhiteTitle "WCM"]
[BlackTitle "WFM"]
[WhiteElo "1974"]
[BlackElo "2092"]

1. e4 c5 2. Nf3 e6 3. c4 Nc6 4. Nc3 Nf6 5. Be2 Qb6 6. O-O Be7 7. d3 d6 8. Bg5 O-O
9. Qd2 Bd7 10. h3 a6 11. Rae1 Qc7 12. Bd1 Rab8 13. a4 Rfe8 14. Nh2 Nd4 15. Re3
Kh8 16. Rg3 b5 17. Be3 bxc4 18. dxc4 Qb6 19. b4 Qxb4 20. Bxd4 cxd4 21. Qxd4 Rec8
22. Be2 Qc5 23. Qd2 Bc6 24. Bd3 Rb3 25. Nf3 Nh5 26. Rg4 f5 27. exf5 Bxf3 28. gxf3
exf5 29. Bxf5 Qxf5 30. Nd5 Bf6 31. Ne3 Qxf3 32. Qxd6 Rd8 33. Qc7 Rb7 34. Qc5 Nf4
35. Rg3 Ne2+ 0-1

[Event "Druzynowe Mistrzostwa Polski w Szachach I LIGA 2021"]
[Site "Szklarska Poreba"]
[Date "1899-12-30"]
[Round "3.37"]
[White "Marczuk, Dominik"]
[Black "Zylka, Stanislaw"]
[Result "1/2-1/2"]
[WhiteTitle "FM"]
[BlackTitle "FM"]
[WhiteElo "2280"]
[BlackElo "2312"]

1. c4 b6 2. Nc3 Bb7 3. Nf3 Nf6 4. g3 e6 5. Bg2 d5 6. cxd5 exd5 7. O-O Be7 8. Ne5
O-O 9. d4 Nbd7 10. Qb3 c6 11. e4 Nxe4 12. Nxe4 dxe4 13. Bxe4 Nxe5 14. dxe5 Qd4
15. Re1 Bb4 16. Re2 Ba6 17. Re3 Rad8 18. Bf3 c5 19. Re4 Qd3 20. Bg5 Rde8 21. Qd1
f6 22. Qxd3 Bxd3 23. Re3 fxg5 24. Rxd3 Rxe5 25. Rad1 Ref5 26. Bd5+ Kh8 27. f3
g6 28. h3 a6 29. a3 Ba5 30. Be4 R5f6 31. Rd7 R8f7 32. Rxf7 Rxf7 33. Rd6 Kg7 34.
Kf2 Rc7 35. b3 Kf8 36. Rd8+ Ke7 37. Rh8 Kf6 38. Rd8 Ke6 39. Re8+ Kd6 40. Rd8+
Ke6 41. Re8+ Kd6 42. Rd8+ Ke5 1/2-1/2

[Event "Druzynowe Mistrzostwa Polski w Szachach I LIGA 2021"]
[Site "Szklarska Poreba"]
[Date "1899-12-30"]
[Round "3.38"]
[White "Nowak, Mikolaj"]
[Black "Chmiel, Marcin"]
[Result "1-0"]
[WhiteTitle "k++"]
[BlackTitle "k+"]
[WhiteElo "2310"]
[BlackElo "2232"]

1. e4 c6 2. Nc3 d5 3. Nf3 Bg4 4. Be2 Nf6 5. e5 Nfd7 6. d4 e6 7. O-O c5 8. Bg5 Qc8
9. Nb5 a6 10. Nd6+ Bxd6 11. exd6 Nc6 12. c4 dxc4 13. dxc5 Bxf3 14. Bxf3 O-O 15.
Rc1 Nce5 16. b4 cxb3 17. axb3 Nxf3+ 18. Qxf3 Qc6 19. Qxc6 bxc6 20. b4 Ra7 21.
Ra1 Nb8 22. Bd2 Rb7 23. Rfe1 Re8 24. Kf1 f6 25. Ke2 Kf7 26. Kd3 g5 27. Kc4 e5
28. Ra3 h5 29. f3 Ke6 30. Re4 Rg8 31. h3 Kf5 32. Ra1 Rbg7 33. Rae1 g4 34. hxg4+
hxg4 35. f4 Nd7 36. fxe5 fxe5 37. Bc3 Re8 38. R4e2 g3 39. Rf1+ Kg6 40. Ra1 Rf7
41. Re3 Rf4+ 42. Kb3 Rb8 43. Rxg3+ Kf5 44. Kc2 e4 45. Rg7 Rf2+ 46. Kd1 Ne5 47.
Re7 Nd3 48. Rf7+ Ke6 49. Rxf2 Nxf2+ 50. Ke2 Nd3 51. Rxa6 Rg8 52. Rxc6 Kd5 53.
Rc7 Nf4+ 54. Kf1 Ne6 55. Rf7 e3 56. Rf5+ Kc4 57. Re5 Nf4 58. Rxe3 Nd5 59. Rf3
Nxc3 60. Rxc3+ Kxc3 61. d7 Kd4 62. c6 Ke3 63. Kg1 1-0

[Event "Druzynowe Mistrzostwa Polski w Szachach I LIGA 2021"]
[Site "Szklarska Poreba"]
[Date "1899-12-30"]
[Round "3.39"]
[White "Gbyl, Andrzej"]
[Black "Tomaszewski, Kacper"]
[Result "1/2-1/2"]
[WhiteTitle "k+"]
[BlackTitle "FM"]
[WhiteElo "2204"]
[BlackElo "2302"]

1. d4 Nf6 2. c4 e6 3. Nf3 d5 4. Nc3 Be7 5. Bg5 h6 6. Bh4 O-O 7. e3 Ne4 8. Bxe7
Qxe7 9. Qc2 Nxc3 10. Qxc3 c6 11. Bd3 dxc4 12. Bxc4 Nd7 13. O-O b6 14. Rfe1 c5
15. Rad1 Bb7 16. d5 exd5 17. Bxd5 Bxd5 18. Rxd5 Nf6 19. Rd3 Rfd8 20. Red1 Rxd3
21. Qxd3 Rc8 22. h3 Rc7 1/2-1/2

[Event "Druzynowe Mistrzostwa Polski w Szachach I LIGA 2021"]
[Site "Szklarska Poreba"]
[Date "1899-12-30"]
[Round "3.40"]
[White "Koziol, Kamil"]
[Black "Golda, Sebastian"]
[Result "1-0"]
[WhiteTitle "FM"]
[BlackTitle "k"]
[WhiteElo "2276"]
[BlackElo "2053"]

1. e4 c5 2. Nf3 d6 3. d4 cxd4 4. Nxd4 Nf6 5. Nc3 a6 6. Be3 e5 7. Nb3 Be7 8. h3
Be6 9. f4 exf4 10. Bxf4 Nc6 11. Qe2 Ne5 12. O-O-O Qc7 13. Qe3 Rc8 14. Nd4 Qa5
15. Nf5 Bxf5 16. exf5 Rc5 17. g4 Nd5 18. Nxd5 Rxd5 19. Qb3 Rxd1+ 20. Kxd1 O-O
21. Bg2 Qc5 22. Be3 Qa5 23. Bb6 Qb5 24. Qxb5 axb5 25. Re1 Bf6 26. Bd4 Ra8 27.
a3 Ra4 28. c3 h5 29. gxh5 Ra8 30. Bxb7 Rb8 31. Be4 Kh7 32. Kc2 Kh6 33. Ba7 Re8
34. Bd3 Re7 35. Be3+ Kxh5 36. Bxb5 Kh4 37. Bf1 Kg3 38. Bd4 Kf4 39. a4 Kxf5 40.
a5 Re8 41. a6 Rc8 42. Bg2 Nc6 43. Bxc6 Rxc6 44. Bxf6 Kxf6 45. Ra1 Rc8 46. b4 Ke6
47. b5 Kd5 48. b6 Kc6 49. b7 Re8 50. Rb1 Kc7 51. a7 1-0

[Event "Druzynowe Mistrzostwa Polski w Szachach I LIGA 2021"]
[Site "Szklarska Poreba"]
[Date "1899-12-30"]
[Round "3.41"]
[White "Warchol, Bartosz"]
[Black "Kucharska, Honorata"]
[Result "1/2-1/2"]
[WhiteTitle "I++"]
[BlackTitle "WFM"]
[WhiteElo "1897"]
[BlackElo "2172"]

1. d4 d5 2. c4 e6 3. Nf3 Nf6 4. g3 Bb4+ 5. Bd2 a5 6. Bg2 O-O 7. O-O dxc4 8. Qc2
Bxd2 9. Nbxd2 b5 10. a4 c6 11. b3 cxb3 12. Nxb3 b4 13. e4 h6 14. Ne5 Bb7 15. Rac1
Qc7 16. Rfd1 Nfd7 17. Nc4 Ra7 18. e5 Ba8 19. Nd6 Qd8 20. f4 Nb6 21. Nc5 Nd5 22.
Qf2 Nd7 23. Rf1 Nxc5 24. Rxc5 Nc3 25. Qc2 Nd5 26. Rf3 Rd7 27. Bf1 Ra7 28. Bd3
Ne7 29. Qf2 Bb7 30. g4 Ba6 31. Bc2 Nd5 32. h4 Rd7 33. Rxc6 Bb7 34. Nxb7 Rxb7 35.
f5 exf5 36. gxf5 Rb6 37. Rxb6 Qxb6 38. f6 g6 39. h5 g5 40. Qd2 Rc8 41. Qd3 Rxc2
42. Qxc2 Qxd4+ 43. Kf1 Ne3+ 44. Rxe3 Qxe3 45. Qc8+ Kh7 46. Qf5+ Kg8 1/2-1/2